Statystyki dla Malta - Podział administracyjny Malty - rady lokalne Malty - Mapa

Kliknij tutaj aby rozwiązać quiz!

Ogólne statystyki

  • Ten quiz został rozwiązany 7 razy
  • Średni wynik to 12 z 68

Odpowiedzi na mapie

Odpowiedzi skodowane kolorowo w zielono-czerwonej skali na mapie do tego quizu, zgodnie z poniższymi procentami.
 

Statystyki odpowiedzi

Rada lokalna% Poprawnych
Valletta
100%
Saint Paul’s Bay
33%
Attard
17%
Balzan
17%
Birgu
17%
Birkirkara
17%
Birżebbuġa
17%
Bormla / Cospicua
17%
Dingli
17%
Fgura
17%
Floriana
17%
Fontana
17%
Għajnsielem
17%
Għarb
17%
Għargħur
17%
Għasri
17%
Għaxaq
17%
Gudja
17%
Gżira
17%
Ħamrun
17%
Iklin
17%
Kalkara
17%
Kerċem
17%
Kirkop
17%
Lija
17%
Luqa
17%
Marsa
17%
Marsaskala
17%
Marsaxlokk
17%
Mdina
17%
Mellieħa
17%
Mġarr
17%
Mosta
17%
Mqabba
17%
Msida
17%
Mtarfa
17%
Munxar
17%
Nadur
17%
Naxxar
17%
Paola
17%
Pembroke
17%
Pietà
17%
Qala
17%
Qormi
17%
Qrendi
17%
Rabat
17%
Rabat / Victoria
17%
Safi
17%
San Ġwann
17%
San Lawrenz
17%
Sannat
17%
Santa Luċija
17%
Santa Venera
17%
Senglea / Isla
17%
Siġġiewi
17%
Sliema
17%
St. Julian’s
17%
Swieqi
17%
Tarxien
17%
Ta’ Xbiex
17%
Xagħra
17%
Xewkija
17%
Xgħajra
17%
Żabbar
17%
Żebbuġ
17%
Żebbuġ
17%
Żejtun
17%
Żurrieq
17%

Rozkład punktacji

Percentyl według liczby udzielonych odpowiedzi

Procent ludzi z każdym wynikiem

Twoja historia wyników

Nie rozwiązałeś tego quizu